000 00538nam a22002051a 4500
001 1243
003 OSt
005 20260204211726.0
008 040117s1984||||dr ||||||b||||||||||spa||
050 _aRD 635 M535h
082 _aRD 635 M535h
100 _aMercedez, Ruperto Alejandro
245 _aHorticultura general y aplicada / Ruperto Alejandro Mercedez
250 _a2
264 _aSanto Domingo : Saturno
300 _a295 p.
500 _aIncluye bibliografía.
650 _a1.Horticultura 2.AgriculturaÌ
942 _2ddc
_cBK
999 _c1243
_d1243